Les 10 plus grandes villes de Slovaquie - Statistiques

Statistiques générales
  • Ce quiz a été pris 54 fois
  • Le résultat moyen est 5 sur 10
Statistiques - réponses
Population Ville % Correct
423 737 Bratislava
100%
236 563 Košice
80%
85 985 Žilina
54%
69 785 Trnava
50%
86 329 Nitra
46%
82 336 Banská Bystrica
43%
94 718 Prešov
43%
58 278 Trenčín
33%
57 431 Poprad
24%
60 817 Martin
22%
Aucun quiz correspondant
Distribution des résultats
% des personnes avec chaque résultat
Percentile par nombre de réponses
Votre historique - résultats
Vous n’avez pas pris ce quiz